[Event "RUS-ch Men Rapid 2019"]
[Site "Sochi"]
[Date "2019.10.15"]
[Round "4.27"]
[White "Kurbedinov, Ramis"]
[Black "Gutenev, Alexander"]
[Result "1/2-1/2"]
[WhiteElo "2305"]
[BlackElo "2539"]
[Annotator "ChessBase"]
[PlyCount "94"]
[EventDate "2019.10.15"]
[EventType "swiss"]
[EventCountry "RUS"]
[SourceTitle "playchess.com"]
[Source "ChessBase"]
[SourceQuality "1"]
[TimeControl "900+10"]

1. Nf3 Nf6 2. e3 g6 3. c4 Bg7 4. Nc3 O-O 5. d4 d5 6. cxd5 Nxd5 7. Bd3 c5 8. O-O cxd4 9. Nxd4 Nxc3 10. bxc3 e5 11. Ne2 Qc7 12. Qa4 Rd8 13. Bb5 Be6 14. Ba3 Nd7 15. Rfd1 Nb6 16. Qh4 a6 17. Bd3 Rd7 18. Bc2 Rad8 19. Ng3 Nc4 20. Rxd7 Rxd7 21. Bc1 f5 22. e4 f4 23. Nf1 Qc5 24. Rb1 h6 25. a4 Kh7 26. Bb3 b6 27. h3 Rd3 28. Nh2 Rxc3 29. Nf3 Kg8 30. Qd8+ Qf8 31. Qc7 Qf7 32. Qd8+ Kh7 33. Bxc4 Rxc4 34. Ba3 Rxa4 35. Bd6 Rxe4 36. Rxb6 a5 37. Qb8 Qg8 38. Qa7 Bd5 39. Bxe5 Qf7 40. Qb8 Rb4 41. Rxb4 axb4 42. Bxg7 Kxg7 43. Qxb4 Bxf3 44. Qc3+ Qf6 45. Qxf3 h5 46. Kh2 Qe5 47. Qb7+ Kh6 1/2-1/2

[Event "RUS-ch Men Rapid 2019"]
[Site "Sochi"]
[Date "2019.10.15"]
[Round "4.28"]
[White "Goltsev, Dmitry"]
[Black "Khegay, Dmitriy"]
[Result "1-0"]
[WhiteElo "2309"]
[BlackElo "2509"]
[Annotator "ChessBase"]
[PlyCount "89"]
[EventDate "2019.10.15"]
[EventType "swiss"]
[EventCountry "RUS"]
[SourceTitle "playchess.com"]
[Source "ChessBase"]
[SourceQuality "1"]
[TimeControl "900+10"]

1. e4 {[%emt 0:00:00]} e6 {[%emt 0:00:00]} 2. d4 {[%emt 0:00:00]} d5 {[%emt 0:00:00]} 3. exd5 {[%emt 0:00:00]} exd5 {[%emt 0:00:00]} 4. Bd3 {[%emt 0:00:00]} Bd6 {[%emt 0:00:00]} 5. Nf3 {[%emt 0:00:00]} Nc6 {[%emt 0:00:06]} 6. h3 {[%emt 0:00:04]} Nge7 {[%emt 0:00:03]} 7. O-O {[%emt 0:00:04]} Be6 {[%emt 0:00:04]} 8. Re1 {[%emt 0:00:13]} Qd7 {[%emt 0:00:02]} 9. Nc3 {[%emt 0:00:11]} O-O-O {[%emt 0:00:12]} 10. Nb5 {[%emt 0:00:19]} a6 {[%emt 0:00:13]} 11. Nxd6+ {[%emt 0:00:02]} Qxd6 {[%emt 0:00:01]} 12. Ng5 {[%emt 0:02:39]} h6 {[%emt 0:00:11]} 13. Nxe6 {[%emt 0:00:13]} fxe6 {[%emt 0:00:01]} 14. Qg4 {[%emt 0:00:37]} h5 {[%emt 0:01:00]} 15. Qxg7 {[%emt 0:03:43]} Rdf8 {[%emt 0:01:29]} 16. c3 {[%emt 0:00:43]} e5 {[%emt 0:00:44]} 17. dxe5 {[%emt 0:01:22]} Qe6 {[%emt 0:00:00]} 18. Bg5 {[%emt 0:03:28]} Nf5 {[%emt 0:00:06]} 19. Bxf5 {[%emt 0:00:11]} Qxf5 {[%emt 0:00:02]} 20. Bf6 {[%emt 0:00:16]} Rhg8 {[%emt 0:00:04]} 21. Qh6 {[%emt 0:00:06]} Nd8 {[%emt 0:01:22]} 22. Qe3 {[%emt 0:00:09]} Ne6 {[%emt 0:00:08]} 23. Kh2 {[%emt 0:00:51]} Nf4 {[%emt 0:00:40]} 24. Rg1 {[%emt 0:00:01]} Rg6 {[%emt 0:00:33]} 25. Bh4 {[%emt 0:01:08]} Nd3 {[%emt 0:00:25]} 26. Rad1 {[%emt 0:00:28]} Nxe5 {[%emt 0:01:56]} 27. Bg3 {[%emt 0:00:46]} Re6 {[%emt 0:00:05]} 28. Qa7 {[%emt 0:00:53]} Nc6 {[%emt 0:00:25]} 29. Qc5 {[%emt 0:00:16]} h4 {[%emt 0:03:53]} 30. Bxh4 {[%emt 0:00:03]} Rh8 {[%emt 0:00:04]} 31. Rxd5 {[%emt 0:00:21]} Qh7 {[%emt 0:01:00]} 32. Bg5 {[%emt 0:00:41]} Qc2 {[%emt 0:01:14]} 33. Rgd1 {[%emt 0:00:19]} b6 {[%emt 0:01:21]} 34. Qc4 {[%emt 0:00:07]} Kb7 {[%emt 0:00:01]} 35. Rd7 {[%emt 0:00:14]} Qg6 {[%emt 0:01:42]} 36. Bf4 {[%emt 0:00:09]} Rc8 {[%emt 0:00:09]} 37. Bg3 {[%emt 0:00:07]} Qe8 {[%emt 0:01:32]} 38. R1d5 {[%emt 0:00:15]} Re4 {[%emt 0:00:13]} 39. Qd3 {[%emt 0:00:07]} Re6 {[%emt 0:00:12]} 40. Qf3 {[%emt 0:00:03]} Kb8 {[%emt 0:00:06]} 41. Qf4 {[%emt 0:00:05]} Ne5 {[%emt 0:00:01]} 42. Rg7 {[%emt 0:00:04]} Ng6 {[%emt 0:00:12]} 43. Qd4 {[%emt 0:00:04]} Qc6 {[%emt 0:00:05]} 44. Rd8 {[%emt 0:00:06]} Re8 {[%emt 0:00:10]} 45. Bxc7+ {[%emt 0:00:08]} 1-0

[Event "RUS-ch Men Rapid 2019"]
[Site "Sochi"]
[Date "2019.10.15"]
[Round "4.29"]
[White "Faizrakhmanov, Ramil"]
[Black "Dianov, Alexey"]
[Result "1-0"]
[WhiteElo "2434"]
[BlackElo "2158"]
[Annotator "NA RC"]
[PlyCount "85"]
[EventDate "2019.10.15"]
[EventType "swiss"]
[EventCountry "RUS"]
[SourceTitle "playchess.com"]
[Source "ChessBase"]
[SourceQuality "1"]
[TimeControl "900+10"]

1. d4 {[%emt 0:00:00]} d6 {[%emt 0:00:41]} 2. Nf3 Nf6 3. c4 {[%emt 0:00:00]} Nbd7 {[%emt 0:00:08]} 4. Nc3 {[%emt 0:00:00]} e5 {[%emt 0:00:02]} 5. g3 {[%emt 0:00:16]} Be7 {[%emt 0:00:02]} 6. Bg2 {[%emt 0:00:03]} O-O {[%emt 0:00:03]} 7. O-O {[%emt 0:00:02]} c6 {[%emt 0:00:01]} 8. b3 {[%emt 0:00:09]} Re8 {[%emt 0:00:15]} 9. Qc2 {[%emt 0:00:27]} Bf8 {[%emt 0:00:10]} 10. Rd1 {[%emt 0:00:03]} Qc7 {[%emt 0:00:41]} 11. Bb2 {[%emt 0:00:16]} a5 {[%emt 0:02:00]} 12. e3 {[%emt 0:00:44]} g6 {[%emt 0:00:20]} 13. d5 {[%emt 0:00:19]} Nc5 {[%emt 0:00:20]} 14. h3 {[%emt 0:01:55]} Bf5 {[%emt 0:00:42]} 15. Qe2 {[%emt 0:00:04]} Qb6 {[%emt 0:04:19]} 16. g4 {[%emt 0:00:46]} Bc8 {[%emt 0:00:32]} 17. Ba3 {[%emt 0:00:07]} Nfe4 {[%emt 0:02:02]} 18. Nxe4 {[%emt 0:01:05]} Nxe4 {[%emt 0:00:02]} 19. Qc2 {[%emt 0:00:06]} Nc5 {[%emt 0:00:05]} 20. Ng5 {[%emt 0:00:32]} f5 {[%emt 0:01:19]} 21. gxf5 {[%emt 0:01:43]} Bxf5 {[%emt 0:01:09]} 22. Bxc5 {[%emt 0:00:28]} dxc5 {[%emt 0:00:47]} 23. Be4 {[%emt 0:00:17]} cxd5 {[%emt 0:00:27]} 24. Bxf5 {[%emt 0:00:17]} gxf5 {[%emt 0:00:04]} 25. Qxf5 {[%emt 0:00:22]} Qg6 {[%emt 0:00:45]} 26. Qxg6+ {[%emt 0:00:02]} hxg6 {[%emt 0:00:01]} 27. Rxd5 {[%emt 0:00:03]} e4 {[%emt 0:00:24]} 28. Rad1 {[%emt 0:00:21]} Ra6 {[%emt 0:00:16]} 29. Rd8 {[%emt 0:00:20]} Re5 {[%emt 0:00:49]} 30. R1d5 {[%emt 0:00:02]} Rxd5 {[%emt 0:00:05]} 31. cxd5 {[%emt 0:00:01]} Rf6 {[%emt 0:00:07]} 32. Nxe4 Rf5 33. Nxc5 {[%emt 0:00:20]} Kf7 {[%emt 0:00:08]} 34. Nxb7 {[%emt 0:00:08]} Be7 {[%emt 0:00:00]} 35. Ra8 {[%emt 0:00:24]} Rxd5 {[%emt 0:00:02]} 36. Rxa5 {[%emt 0:00:02]} Rd7 {[%emt 0:00:09]} 37. Nc5 Rd5 38. b4 {[%emt 0:00:31]} Rd1+ {[%emt 0:00:01]} 39. Kg2 {[%emt 0:00:03]} Rb1 {[%emt 0:00:01]} 40. a3 {[%emt 0:00:05]} Rb2 {[%emt 0:00:02]} 41. Ne4 {[%emt 0:00:03]} Ra2 {[%emt 0:00:04]} 42. Ra6 {[%emt 0:00:08]} Bxb4 {[%emt 0:00:04]} 43. Rf6+ {[%emt 0:00:03]} 1-0

[Event "RUS-ch Men Rapid 2019"]
[Site "Sochi"]
[Date "2019.10.15"]
[Round "4.30"]
[White "Alexeev, Alexey"]
[Black "Nazaretyan, Tigran"]
[Result "1-0"]
[WhiteElo "2252"]
[BlackElo "2297"]
[Annotator "NA"]
[PlyCount "92"]
[EventDate "2019.10.15"]
[EventType "swiss"]
[EventCountry "RUS"]
[SourceTitle "playchess.com"]
[Source "ChessBase"]
[SourceQuality "1"]
[TimeControl "900+10"]

1. e4 {[%emt 0:00:00]} c5 {[%emt 0:00:00]} 2. a3 {[%emt 0:00:00]} g6 {[%emt 0:00:00]} 3. b4 {[%emt 0:00:00]} Bg7 {[%emt 0:00:00]} 4. Nc3 {[%emt 0:00:00]} d6 {[%emt 0:00:00]} 5. g3 {[%emt 0:00:02]} Nf6 {[%emt 0:00:15]} 6. Bg2 {[%emt 0:00:05]} Nc6 {[%emt 0:00:08]} 7. Rb1 {[%emt 0:00:02]} O-O {[%emt 0:01:27]} 8. Nge2 {[%emt 0:00:03]} Nd4 {[%emt 0:00:21]} 9. Nxd4 {[%emt 0:03:03]} cxd4 {[%emt 0:00:07]} 10. Ne2 {[%emt 0:00:01]} e5 {[%emt 0:00:45]} 11. c4 {[%emt 0:00:39]} d3 {[%emt 0:00:32]} 12. Nc3 {[%emt 0:00:09]} Bg4 {[%emt 0:00:33]} 13. Qb3 {[%emt 0:00:59]} Rc8 {[%emt 0:01:18]} 14. h3 {[%emt 0:00:49]} Bd7 {[%emt 0:00:35]} 15. Bf1 {[%emt 0:04:50]} b5 {[%emt 0:03:18]} 16. Bxd3 {[%emt 0:00:38]} bxc4 {[%emt 0:00:54]} 17. Bxc4 {[%emt 0:00:05]} Qb6 {[%emt 0:00:48]} 18. d3 {[%emt 0:00:43]} Rxc4 {[%emt 0:00:19]} 19. dxc4 {[%emt 0:00:44]} Rc8 {[%emt 0:00:00]} 20. Be3 {[%emt 0:00:25]} Qb7 {[%emt 0:00:03]} 21. f3 {[%emt 0:00:24]} Qa6 {[%emt 0:01:00]} 22. b5 {[%emt 0:00:25]} Qa5 {[%emt 0:00:01]} 23. Kf2 {[%emt 0:00:20]} Be6 {[%emt 0:00:21]} 24. Nd5 {[%emt 0:00:39]} Bxd5 {[%emt 0:01:34]} 25. cxd5 {[%emt 0:01:35]} Rc3 {[%emt 0:00:44]} 26. Qb2 {[%emt 0:00:11]} Nd7 {[%emt 0:01:14]} 27. Rhc1 {[%emt 0:00:36]} Rxe3 {[%emt 0:00:54]} 28. Rc8+ {[%emt 0:00:13]} Nf8 {[%emt 0:00:24]} 29. Kxe3 {[%emt 0:00:07]} Bh6+ {[%emt 0:00:01]} 30. Ke2 {[%emt 0:00:13]} Qb6 {[%emt 0:00:01]} 31. Qc3 {[%emt 0:00:08]} Kg7 {[%emt 0:00:02]} 32. a4 {[%emt 0:00:26]} a5 {[%emt 0:00:20]} 33. Rc6 {[%emt 0:00:28]} Qd8 {[%emt 0:00:01]} 34. b6 {[%emt 0:00:26]} Qg5 {[%emt 0:00:59]} 35. Kf2 {[%emt 0:00:37]} Nd7 {[%emt 0:01:01]} 36. b7 {[%emt 0:00:07]} Nb8 {[%emt 0:00:46]} 37. Rc8 {[%emt 0:00:10]} Qh5 {[%emt 0:00:12]} 38. Kg2 {[%emt 0:00:14]} Bf4 {[%emt 0:00:01]} 39. Rxb8 {[%emt 0:00:10]} Qg5 {[%emt 0:00:01]} 40. Rg8+ {[%emt 0:00:10]} Kxg8 {[%emt 0:00:01]} 41. Qc8+ {[%emt 0:00:01]} Kg7 {[%emt 0:00:01]} 42. Qg4 {[%emt 0:00:04]} Qf6 {[%emt 0:00:15]} 43. gxf4 {[%emt 0:00:10]} exf4 {[%emt 0:00:01]} 44. b8=Q {[%emt 0:00:06]} h5 {[%emt 0:00:01]} 45. Qgc8 {[%emt 0:00:16]} Qg5+ {[%emt 0:00:06]} 46. Kh1 {[%emt 0:00:04]} Qd8 1-0

[Event "RUS-ch Men Rapid 2019"]
[Site "Sochi"]
[Date "2019.10.15"]
[Round "4.31"]
[White "Nesterov, Arseniy"]
[Black "Shkurkin, Andrey"]
[Result "1-0"]
[WhiteElo "2484"]
[BlackElo "2136"]
[Annotator "TA"]
[PlyCount "49"]
[EventDate "2019.10.15"]
[EventType "swiss"]
[EventCountry "RUS"]
[SourceTitle "playchess.com"]
[Source "ChessBase"]
[SourceQuality "1"]

{[%evp 9,49,22,16,0,10,16,77,70,194,168,166,104,163,134,188,190,528,331,1016,538,532,407,403,389,419,411,603,606,627,621,618,600,1033,531,523,524,517,519,518,476,1198,1198]} 1. d4 Nf6 2. c4 c5 3. d5 b5 4. Qc2 e6 5. e4 bxc4 6. Nc3 {A57: Benko/Volga Gambit} exd5 7. e5 Qe7 $146 (7... Ng4 $11) ({Predecessor:} 7... Bb7 8. exf6 Qxf6 9. Nh3 Be7 10. Be2 d4 11. O-O d3 12. Bxd3 cxd3 13. Qxd3 {½-½ (62) Matlakov,M (2707)-Kanmazalp,O (2473) Batumi 2018}) 8. Qe2 $16 {White is better.} Ng8 (8... d4 $14) 9. Nxd5 $18 Qd8 10. Qe4 ({Don't play} 10. Qxc4 $6 Ne7 $16) (10. Qf3 $18 Nc6 11. Bxc4) 10... Nc6 (10... Ne7 $16) 11. Bxc4 Nge7 (11... Na5 $16 {was necessary.}) 12. Nf3 $36 {[%mdl 2048] And now Ng5 would win. Black is under strong pressure.} Ng6 $2 (12... Ba6 {is more resistant.} 13. Bxa6 (13. Nxe7 Bxe7 14. O-O Bxc4 $14) 13... Nxd5) 13. h4 h5 $2 (13... h6 14. Nc3 Bb7) 14. Bg5 Be7 15. Nxe7 Ngxe7 16. O-O Rb8 17. Rad1 Rxb2 {[#]} (17... Rb4 $142 18. a3 Rxc4 19. Qxc4 Qb6 20. Bxe7 Nxe7) 18. e6 $1 {[%mdl 512] White is clearly winning.} fxe6 {[#]} (18... dxe6 19. Rxd8+) 19. Bxe6 $1 {[%mdl 576] Pin} Rb4 (19... dxe6 20. Rxd8+) 20. Qe3 (20. Bc4 Ba6 $16) 20... d6 21. Rfe1 {Black must now prevent Bd5.} Bxe6 22. Qxe6 Qd7 23. Rxd6 Qxe6 24. Rdxe6 Rb7 (24... Kd7 $142 25. Ne5+ Kxe6 26. Nxc6+ {[%mdl 64] Discovered Attack} Kd5 27. Nxb4+ cxb4 28. Rxe7 {[%mdl 64] Double Attack} Ra8 29. Rxg7 a5) 25. Rxc6 {Accuracy: White = 56%, Black = 13%.} 1-0

[Event "RUS-ch Men Rapid 2019"]
[Site "Sochi"]
[Date "2019.10.15"]
[Round "4.32"]
[White "Kardashevskiy, Evgeny"]
[Black "Sysolyatin, Evgeny"]
[Result "0-1"]
[WhiteElo "2428"]
[BlackElo "2271"]
[Annotator "NA"]
[PlyCount "112"]
[EventDate "2019.10.15"]
[EventType "swiss"]
[EventCountry "RUS"]
[SourceTitle "playchess.com"]
[Source "ChessBase"]
[SourceQuality "1"]
[TimeControl "900+10"]

1. d4 Nf6 2. Nf3 d5 3. c4 e6 4. Nc3 Be7 5. g3 Nbd7 6. Bg2 dxc4 7. O-O a6 8. a4 Rb8 9. e4 b5 10. axb5 axb5 11. d5 e5 12. Qe2 O-O 13. Be3 Re8 14. Nh4 Nc5 15. Rad1 Bd6 16. h3 Bd7 17. Nf5 Ncxe4 18. Nh6+ gxh6 19. Nxe4 Nxe4 20. Bxe4 f5 21. Bb1 Qf6 22. Kh2 Re7 23. Qf3 Kh8 24. Qh5 f4 25. Bd2 Qg5 26. Qf3 Rf8 27. gxf4 e4 28. Qc3+ Qg7 29. Qxg7+ Rxg7 30. Bc3 Bxf4+ 31. Kh1 Bxh3 32. Rg1 Bg5 33. Bxe4 Bf6 34. Rxg7 Bxg7 35. Kh2 Bf5 36. Bg2 Bd3 37. Kg3 h5 38. Re1 h4+ 39. Kxh4 Bxc3 40. bxc3 Rxf2 41. Kg3 Re2 42. Rxe2 Bxe2 43. Kf2 Bd3 44. Ke3 Kg7 45. Kd4 Kf6 46. Kc5 Ke5 47. Kxb5 Be4 48. Bf1 Bxd5 49. Be2 c6+ 50. Kc5 Ke4 51. Bh5 Kf4 52. Be2 Bf3 53. Bxc4 h5 54. Be6 h4 55. c4 Kg3 56. Kd4 h3 0-1

[Event "RUS-ch Men Rapid 2019"]
[Site "Sochi"]
[Date "2019.10.15"]
[Round "5.1"]
[White "Samusenko, Maksim"]
[Black "Timofeev, Artyom"]
[Result "0-1"]
[WhiteElo "2445"]
[BlackElo "2648"]
[Annotator "TA"]
[PlyCount "346"]
[EventDate "2019.10.15"]
[EventType "swiss"]
[EventCountry "RUS"]
[SourceTitle "playchess.com"]
[Source "ChessBase"]
[SourceQuality "1"]

{[%evp 23,346,19,35,31,36,16,25,0,0,0,0,0,0,0,0,-4,-13,-9,0,0,0,0,0,0,0,0,22,-44,0,0,0,0,0,-3,-6,-19,-7,-7,-7,-7,-7,-7,-7,-4,-9,-50,-50,-47,-8,-8,-8,-8,-8,-8,-8,-8,-8,-2,0,0,0,-65,-52,-52,-51,-51,-58,-59,-60,-54,-64,-273,-66,-272,-125,-244,-39,-45,-14,-14,-14,-14,0,-8,-8,-14,-14,-14,-14,-14,-21,-21,-8,-8,-8,-14,-14,-39,0,0,0,0,0,0,0,0,0,0,0,0,8,-27,-28,-49,-50,-35,-8,-8,-8,-8,0,0,0,-8,0,0,0,-53,-53,-53,-53,-53,-53,-68,-68,-53,-53,-235,-28,-28,-12,-20,-12,-12,-12,-20,-12,-13,-12,-20,-12,-28,-28,-28,-28,-28,-28,-28,-28,-28,-28,-28,-28,-28,-28,-28,-28,-35,-20,-20,-20,-28,-28,-28,0,-28,-28,-53,-28,-53,-53,-75,-75,-75,0,-35,-35,-35,-35,-35,-35,-35,-35,-35,-35,-35,-20,-75,-35,-75,-60,-29980,-29978,-29979,-8,-8,-8,-8,-8,-8,-8,-8,-8,-8,-8,-8,-8,-8,-8,-8,-8,-8,-8,-8,-8,-8,-8,-8,-8,-8,-8,-29976,-29977,-29977,-29978,-29978,-29979,-29979,-29979,-29979,-8,-29980,-29981,-29983,-29981,-29981,-29980,-29980,-29979,-29979,-8,-8,-8,-8,0,-8,-8,-8,-8,-8,-8,-8,0,-8,-8,-8,-8,-8,0,-8,-8,-8,-8,-8,-8,-8,-8,-8,-8,-8,-8,-8,-8,-8,0,-8,-8,-8,-8,-8,-8,-8,-8,-8,0,0,0,0,0,0,0,0,0,0,0,0,0,0,0,0,0,0,0,0,0,0,0,0,0,0,0,0,0,0,0]} 1. e4 c5 2. Nf3 d6 3. d4 cxd4 4. Nxd4 Nf6 5. Nc3 g6 6. Be3 Bg7 7. f3 O-O 8. Qd2 Nc6 9. O-O-O Nxd4 10. Bxd4 Be6 11. h4 Qa5 12. Kb1 Rfc8 {Black wants to play ...Rxc3!} 13. a3 {B76: Sicilian Dragon: Yugoslav Attack, 9 g4 and 9 0-0-0} h5 (13... a6 14. g4 b5 15. Nd5 Qxd2 16. Rxd2 Bxd5 17. exd5 Nd7 18. Be2 Bxd4 19. Rxd4 Rc5 20. Rhd1 Rac8 {½-½ (49) Gopal,G (2589)-Kalugampitiya,R (2159) Ashkhabad 2017}) 14. Be2 Rab8 15. g4 {White has an edge.} b5 16. Nd5 $146 ({Predecessor:} 16. Bxf6 Bxf6 17. Nd5 Qa4 18. b3 Qxa3 19. Nxf6+ exf6 20. Qxd6 b4 {0-1 (34) Bea,B (2178)-Sverrisson,N (1973) Glasgow 2012}) 16... Qxd2 17. Rxd2 Bxd5 18. Bxf6 Bxf6 19. Rxd5 hxg4 20. fxg4 a6 21. c3 Kg7 22. g5 Be5 23. h5 gxh5 24. Bxh5 Rc4 25. Bf3 (25. Rf1 $11) 25... Kg6 26. Rdd1 Rh8 (26... Kxg5 27. Rh5+ Kf4 28. Rf5+ Ke3 29. Kc2 $18) 27. Rxh8 Bxh8 $11 {[%mdl 4096] Endgame KRB-KRB} 28. Be2 Rc8 29. Bg4 Rd8 30. Rg1 e6 31. Be2 Be5 32. Kc2 Rh8 33. Rg2 Bf4 34. a4 bxa4 35. Bxa6 Bxg5 36. Bb5 Ra8 37. Bc6 Ra7 38. Rg1 a3 39. b4 Kf6 40. Kb3 Be3 41. Ra1 Rc7 42. Bb5 (42. Ba8 $1 $11) 42... Bd2 43. c4 Ke5 44. Rxa3 Kxe4 45. Ra6 Ke5 46. Bc6 Be3 47. b5 $2 ({White should try} 47. c5 $15) 47... f5 $2 (47... Ra7 $1 $19 48. Rxa7 Bxa7) 48. Bf3 $2 (48. Ka4 $15) 48... Rg7 (48... Ra7 $19 {is more deadly.} 49. Rxa7 Bxa7) 49. Kc2 (49. Ka4 $17 {was forced.}) 49... d5 $2 (49... Ra7 $19 50. Rc6 Kf4) 50. cxd5 $15 Kf4 51. Be2 exd5 52. Re6 Rg2 53. Kd3 Rg3 54. Kc2 Bd4 55. Bd3 Rg2+ 56. Kc1 Rg1+ 57. Kc2 Ra1 58. Re8 Ra2+ 59. Kc1 Bc5 60. Rd8 d4 61. Rd5 Ba3+ 62. Kb1 Rb2+ 63. Ka1 Ke3 64. Bxf5 Rb4 65. Ka2 Bb2 66. Bc2 Bc3 {aiming for ...Rb2+.} (66... Bc1 {keeps more tension.} 67. Re5+ Kf4 68. Rf5+ Ke3 69. Re5+) 67. Bb3 d3 68. Rd8 Rxb5 {...Ra5+ is the strong threat.} 69. Bc4 Ra5+ 70. Kb3 Bd4 71. Re8+ Be5 72. Rd8 Bd4 73. Re8+ Be5 74. Rd8 d2 75. Kc2 ({White should play} 75. Rd3+ $11 Ke2 76. Kb4) 75... Rc5 76. Rd3+ Ke4 $1 77. Kb3 Bf4 $1 78. Rd8 Ke3 79. Kb4 Rc6 80. Bb3 $2 (80. Rd3+ $15 Ke4 81. Kb5) 80... Rb6+ $2 (80... Bd6+ $1 $19 81. Kb5 Rc5+ 82. Ka6 Bc7 83. Re8+ Kd4) 81. Kc4 $11 Bd6 82. Re8+ Kf2 83. Bd1 Bf4 84. Re2+ Kf1 {And now ...Rb1 would win.} 85. Re4 Bh6 86. Bc2 Kf2 87. Rd4 Be3 88. Rd8 Ke2 89. Kc3 Rc6+ 90. Kb2 Ke1 91. Rd3 Bf4 92. Rd5 Rc7 93. Bb3 Be3 94. Rd3 Ke2 95. Rd5 Rc1 96. Bc2 Bf4 97. Bb3 Ke3 {Threatens to win with ...Ke4.} 98. Bc2 Ke2 99. Bb3 Bh6 {Strongly threatening ...Bg7+.} 100. Rd7 Bg5 101. Rd6 Rc5 102. Re6+ Be3 $1 103. Rd6 Rc7 104. Rd5 Bh6 105. Re5+ Kd3 106. Rd5+ Ke4 107. Rd8 Bg7+ 108. Ka3 Bd4 109. Bd1 Rc1 110. Bh5 (110. Re8+ $11 Kd3 111. Bh5) 110... Rh1 111. Be2 Ke3 112. Re8+ $2 {[%mdl 8192]} (112. Bg4 $15) 112... Kf2 113. Bg4 {[#]} Kg3 $2 (113... Rh3+ $1 {[%mdl 512]} 114. Kb4 (114. Bxh3 d1=Q) 114... Rf3 $1 {[%mdl 512]} 115. Rf8 Rxf8 116. Kb3 Rg8 117. Bh5 Rg5 118. Bd1 Ke1 119. Bf3 Rc5 120. Bg4 d1=Q+ 121. Bxd1 Kxd1 122. Ka4 Kc2 123. Kb4 Kb2 124. Ka4 Kc3 125. Ka3 Ra5#) 114. Rg8 Kf4 115. Rd8 d1=Q 116. Bxd1 Rxd1 {KRB-KR} 117. Kb3 Ke4 118. Kc2 Ra1 119. Re8+ Be5 120. Rd8 Ra3 121. Rd7 Rc3+ 122. Kd2 Rb3 123. Ke2 Rb6 124. Re7 Rb2+ 125. Ke1 $1 Kd4 126. Kd1 Kd3 {[%cal Rb2b1]} 127. Ke1 $2 {[%mdl 8192]} (127. Rd7+ $11 Bd4 128. Rc7 Ra2 129. Rc6 Rg2 130. Re6 Rd2+ 131. Ke1 Rb2 132. Kf1 Rf2+ 133. Ke1 Rf5 134. Rd6 Rg5 135. Rxd4+ Kxd4 136. Kf2 Ke4 137. Ke2 Rg2+ 138. Kf1 Rd2 139. Ke1 Ke3 140. Kf1 Ra2 141. Kg1 Kf3 142. Kh1 Kg3 143. Kg1 Ra1#) 127... Bd4 $1 {[%cal Rb2b1]} 128. Kf1 Rf2+ $1 129. Ke1 Rf8 130. Kd1 Rf6 131. Re2 {[#]} Rf1+ $1 ({Not} 131... Bc3 132. Rd2+ Kc4 133. Rg2 $15) 132. Re1 {[#]} Rf2 $1 133. Re8 Rh2 134. Re7 Ra2 {[%cal Ra2a1]} 135. Rc7 Rd2+ 136. Ke1 Rg2 $2 (136... Re2+ {mates} 137. Kd1 Ra2 138. Rc8 Rg2 139. Re8 Rb2 140. Rc8 Bb6 141. Rc6 Be3 142. Rd6+ Bd4 143. Rc6 Be3 144. Rd6+ Bd4 145. Rc6 Be3) 137. Rf7 {The position is equal.} Bc5 138. Rd7+ Bd4 {[%cal Rg2g1]} 139. Rf7 Rg8 140. Rf3+ Be3 141. Rf7 Rg1+ 142. Rf1 Rg8 143. Rf7 Rg6 144. Rf8 Bc5 145. Rf3+ Be3 146. Rf8 Rb6 {[%cal Rb6b1]} 147. Kf1 $1 Rb1+ 148. Kg2 Rg1+ 149. Kh2 Rg7 150. Re8 Ke2 151. Rf8 $1 Bc5 152. Rf6 Be7 153. Rf5 Ke3 154. Kh3 (154. Re5+ {with more complications.} Kd2 155. Rb5 Kc1 156. Rf5 Rh7+ 157. Kg2) 154... Bd6 155. Rf1 Bf4 156. Kh4 (156. Rb1 {is interesting.} Rg3+ 157. Kh4 Ke4 158. Rb4+ Kf3 159. Rb3+) 156... Ke4 157. Kh3 Rg3+ 158. Kh2 $1 Kf5 159. Kh1 Rg8 160. Rf2 Ke4 161. Rf1 Ke3 162. Rf3+ Ke4 163. Rf1 Rh8+ 164. Kg2 Rh2+ 165. Kg1 Ra2 166. Rb1 Kf3 167. Kh1 Be3 168. Rf1+ Bf2 {( -> ...Ra8)} 169. Rb1 Ra8 {[%cal Ra8h8]} 170. Rb3+ Be3 {[%cal Ra8h8]} 171. Rb2 Ra1+ 172. Kh2 Bf4+ 173. Kh3 Rh1+ {[%mdl 32768] Accuracy: White = 65%, Black = 55%. . Loss on time!?} 0-1

[Event "RUS-ch Men Rapid 2019"]
[Site "Sochi"]
[Date "2019.10.15"]
[Round "5.2"]
[White "Golubov, Saveliy"]
[Black "Sakaev, Konstantin"]
[Result "1-0"]
[WhiteElo "2518"]
[BlackElo "2586"]
[Annotator "ChessBase"]
[PlyCount "77"]
[EventDate "2019.10.15"]
[EventType "swiss"]
[EventCountry "RUS"]
[SourceTitle "playchess.com"]
[Source "ChessBase"]
[SourceQuality "1"]
[TimeControl "900+10"]

1. d4 {[%emt 0:00:00]} d5 {[%emt 0:00:00]} 2. Nf3 {[%emt 0:00:01]} Nf6 {[%emt 0:00:10]} 3. c3 {[%emt 0:00:21]} e6 {[%emt 0:00:45]} 4. Bf4 {[%emt 0:00:03]} c5 {[%emt 0:00:22]} 5. e3 {[%emt 0:00:02]} Nc6 {[%emt 0:00:01]} 6. Nbd2 {[%emt 0:00:03]} cxd4 {[%emt 0:00:06]} 7. exd4 {[%emt 0:00:08]} Nh5 {[%emt 0:00:02]} 8. Be3 {[%emt 0:02:56]} Bd6 {[%emt 0:00:19]} 9. Ne5 {[%emt 0:00:28]} g6 {[%emt 0:00:15]} 10. f4 {[%emt 0:01:39]} f6 {[%emt 0:00:23]} 11. Nxc6 {[%emt 0:00:21]} bxc6 {[%emt 0:00:02]} 12. g3 {[%emt 0:01:16]} Qb6 {[%emt 0:03:21]} 13. b4 {[%emt 0:00:30]} O-O {[%emt 0:02:55]} 14. Be2 {[%emt 0:01:46]} Ng7 {[%emt 0:00:02]} 15. O-O {[%emt 0:00:53]} e5 {[%emt 0:00:54]} 16. fxe5 {[%emt 0:03:22]} fxe5 {[%emt 0:00:02]} 17. Rxf8+ {[%emt 0:00:02]} Bxf8 {[%emt 0:00:02]} 18. Nf3 {[%emt 0:00:02]} Nf5 {[%emt 0:00:19]} 19. Bf2 {[%emt 0:00:56]} e4 {[%emt 0:00:09]} 20. Ne5 {[%emt 0:00:02]} Bg7 {[%emt 0:02:24]} 21. a4 {[%emt 0:01:18]} Be6 {[%emt 0:01:40]} 22. b5 {[%emt 0:00:41]} e3 {[%emt 0:01:16]} 23. Be1 {[%emt 0:00:03]} Bxe5 {[%emt 0:02:00]} 24. dxe5 {[%emt 0:00:03]} c5 {[%emt 0:00:13]} 25. g4 {[%emt 0:00:29]} Nh6 {[%emt 0:00:42]} 26. a5 {[%emt 0:00:07]} Qd8 {[%emt 0:00:14]} 27. Bg3 {[%emt 0:00:18]} Qd7 {[%emt 0:00:28]} 28. h3 {[%emt 0:00:39]} Nf7 {[%emt 0:00:03]} 29. Bf4 {[%emt 0:00:29]} d4 {[%emt 0:00:01]} 30. cxd4 {[%emt 0:00:30]} cxd4 {[%emt 0:00:03]} 31. Bd3 {[%emt 0:00:20]} Rd8 {[%emt 0:00:30]} 32. b6 {[%emt 0:00:03]} Bd5 {[%emt 0:00:16]} 33. Qa4 {[%emt 0:00:27]} Bc6 {[%emt 0:00:06]} 34. Qc4 {[%emt 0:00:01]} Bd5 {[%emt 0:00:22]} 35. Qxd4 {[%emt 0:00:06]} Qe7 {[%emt 0:00:11]} 36. Qxe3 {[%emt 0:00:08]} Ba8 {[%emt 0:00:09]} 37. Be4 {[%emt 0:00:04]} axb6 {[%emt 0:00:11]} 38. axb6 {[%emt 0:00:03]} Bxe4 {[%emt 0:00:01]} 39. Qxe4 {[%emt 0:00:01]} 1-0